[Event "Championnat de France des Jeunes - Cadet"]
[Site "AIX LES BAINS"]
[Date "2009.04.20"]
[Round "3.11"]
[White "Ludwig, Remi"]
[Black "Mahiouz, Oualid"]
[Result "1-0"]
[WhiteElo "2202"]
[BlackElo "1989"]
[PlyCount "65"]

1. d4 Nf6 2. c4 e6 3. Nf3 c5 4. d5 exd5 5. cxd5 d6 6. Nc3 g6 7. Qa4+ Bd7 8. Qb3
Qc7 9. e4 Bg7 10. Bc4 O-O 11. O-O a6 12. a4 Bg4 13. Nd2 g5 14. e5 dxe5 15. Nde4
h6 16. h4 Nxe4 17. Nxe4 gxh4 18. Bxh6 Bxh6 19. Nf6+ Kg7 20. Nxg4 Bg5 21. Rad1
Nd7 22. Qc3 f6 23. d6 Qd8 24. Be6 Qe8 25. Bf5 h3 26. gxh3 Nb8 27. f4 exf4 28.
Rfe1 Qh5 29. Re7+ Rf7 30. Re8 Rf8 31. Rxf8 Kxf8 32. Qb3 f3 33. Qxb7 1-0

[Event "Championnat de France des Jeunes - Cadet"]
[Site "AIX LES BAINS"]
[Date "2009.04.20"]
[Round "3.12"]
[White "Stephan, Victor"]
[Black "Chretien, Antonin"]
[Result "1-0"]
[WhiteElo "2168"]
[BlackElo "1961"]
[PlyCount "95"]

1. d4 d5 2. c4 e5 3. dxe5 d4 4. Nf3 Nc6 5. g3 Be6 6. Nbd2 Qd7 7. Bg2 Bh3 8. O-O
h5 9. e6 Bxe6 10. Qa4 Bh3 11. Nb3 Bxg2 12. Kxg2 h4 13. Bf4 O-O-O 14. Rad1 hxg3
15. Bxg3 Bd6 16. c5 Bxg3 17. fxg3 Nf6 18. Nbxd4 Qh3+ 19. Kg1 Nxd4 20. Rxd4 Rxd4
21. Qxd4 Ng4 22. c6 bxc6 23. Qxa7 Qh6 24. Qa8+ Kd7 25. Rd1+ Ke7 26. Qa3+ Ke8
27. Qd3 Qe3+ 28. Qxe3+ Nxe3 29. Rd4 Nf5 30. Rc4 Rh6 31. Nd4 Ne7 32. a4 Kd7 33.
a5 Kc8 34. e4 Kb7 35. Nf5 Nxf5 36. exf5 Rf6 37. g4 Ka6 38. Rc5 g6 39. Kg2 Rd6
40. h4 Rd2+ 41. Kg3 Rxb2 42. Rxc6+ Kxa5 43. fxg6 fxg6 44. Rxc7 Rb6 45. Kf4 Kb5
46. Kg5 Rd6 47. Rg7 Kc5 48. Rxg6 1-0

[Event "Championnat de France des Jeunes - Cadet"]
[Site "AIX LES BAINS"]
[Date "2009.04.20"]
[Round "3.13"]
[White "Baudson, Charles"]
[Black "Tachikart, Yassin"]
[Result "1/2-1/2"]
[WhiteElo "2103"]
[BlackElo "2107"]
[PlyCount "102"]

1. Nc3 Nf6 2. Nf3 d5 3. e3 c6 4. d4 Bf5 5. Bd3 Bg6 6. O-O e6 7. Re1 Ne4 8. Bxe4
dxe4 9. Nd2 Bd6 10. f4 exf3 11. Nxf3 Nd7 12. e4 e5 13. Kh1 O-O 14. Be3 Qc7 15.
d5 Nb6 16. Nh4 Rad8 17. Nxg6 hxg6 18. Rb1 Bb4 19. Bxb6 Qxb6 20. Na4 Qf2 21. Re2
Qf4 22. a3 Be7 23. c4 cxd5 24. cxd5 g5 25. b4 Rd6 26. Qb3 Rh6 27. g3 Qg4 28.
Rbe1 Rc8 29. Rf2 Rf6 30. Rxf6 gxf6 31. Qd3 Bd6 32. Nb2 b5 33. Kg2 Qd7 34. Re2
Kg7 35. Rc2 Rh8 36. Nd1 Qh3+ 37. Kg1 a6 38. Ne3 Bb8 39. Nf5+ Kg6 40. Qf3 Ba7+
41. Kh1 g4 42. Qe2 Qh5 43. Rc6 Qg5 44. Qf1 Bd4 45. Nh4+ Rxh4 46. gxh4 Qxh4 47.
Rc2 Qg5 48. Rg2 f5 49. exf5+ Qxf5 50. Qd1 Kf6 51. Rxg4 Ke7 1/2-1/2

[Event "Championnat de France des Jeunes - Cadet"]
[Site "AIX LES BAINS"]
[Date "2009.04.20"]
[Round "3.14"]
[White "Lallement, Victor"]
[Black "Chahbazian, Tigran"]
[Result "1-0"]
[WhiteElo "2116"]
[BlackElo "1915"]
[PlyCount "61"]

1. e4 e6 2. d4 d5 3. Nd2 Nf6 4. e5 Nfd7 5. Bd3 c5 6. c3 Nc6 7. Ne2 cxd4 8. cxd4
Be7 9. O-O O-O 10. Nf3 f6 11. exf6 Nxf6 12. Nf4 Bd6 13. Re1 Re8 14. Ne5 Qc7 15.
Nxc6 bxc6 16. g3 c5 17. dxc5 Bxc5 18. Nh5 Qf7 19. Nxf6+ Qxf6 20. Qc2 Bb6 21.
Bxh7+ Kh8 22. Be3 d4 23. Bf4 e5 24. Be4 Bf5 25. Bxf5 exf4 26. gxf4 Qh4 27. Qc6
Rf8 28. Bd3 Qxf4 29. Qg2 Rae8 30. Rxe8 Rxe8 31. Qg6 1-0

[Event "Championnat de France des Jeunes - Cadet"]
[Site "AIX LES BAINS"]
[Date "2009.04.20"]
[Round "3.15"]
[White "Breffi, Ferdinand"]
[Black "Castro, John"]
[Result "1/2-1/2"]
[WhiteElo "1834"]
[BlackElo "2085"]
[PlyCount "98"]

1. e4 c5 2. Nf3 Nc6 3. d4 cxd4 4. Nxd4 g6 5. Be3 Bg7 6. Nc3 Nf6 7. f3 O-O 8.
Bc4 d6 9. Qd2 Bd7 10. O-O-O Rb8 11. h4 b5 12. Nxc6 Bxc6 13. Bb3 a5 14. Bh6 b4
15. Ne2 a4 16. Bd5 Bxd5 17. exd5 b3 18. cxb3 axb3 19. a3 Qc8+ 20. Nc3 Bxh6 21.
Qxh6 Qf5 22. Qd2 Rfc8 23. Qd3 Rxc3+ 24. bxc3 b2+ 25. Kb1 Qd7 26. Rd2 Qb7 27. c4
Nd7 28. Qd4 Nc5 29. Rxb2 Qa8 30. Ka2 Rc8 31. Rhb1 Qa7 32. Rb7 Qa4 33. Rb8 Qc2+
34. R1b2 Qf5 35. g4 Qd7 36. Rxc8+ Qxc8 37. Rb5 Qa8 38. Qb2 Nd7 39. Qb4 Kg7 40.
Rb7 Qc8 41. Qb5 Ne5 42. Rxe7 Nxf3 43. Qb2+ Ne5 44. Rxe5 Qxc4+ 45. Ka1 dxe5 46.
Qxe5+ Kg8 47. d6 Qc1+ 48. Ka2 Qc2+ 49. Qb2 Qc4+ 1/2-1/2

[Event "Championnat de France des Jeunes - Cadet"]
[Site "AIX LES BAINS"]
[Date "2009.04.20"]
[Round "3.1"]
[White "Muller, Marion"]
[Black "Richard, Emma"]
[Result "0-1"]
[WhiteElo "1896"]
[BlackElo "2070"]
[PlyCount "108"]

1. e4 c5 2. Nf3 Nc6 3. Nc3 d6 4. d4 cxd4 5. Nxd4 e5 6. Nb3 Nf6 7. Be2 Be7 8.
O-O O-O 9. f4 exf4 10. Rxf4 Ne5 11. Kh1 Ne8 12. Nd4 Bg5 13. Rf1 Bxc1 14. Qxc1
Nc7 15. Nf5 g6 16. Ne3 Be6 17. Qd2 Qe7 18. Rad1 Rad8 19. Qe1 h5 20. Qf2 Kg7 21.
Nf5+ Bxf5 22. exf5 Kh7 23. f6 Qe8 24. Qh4 Kh8 25. Ne4 Qc6 26. c3 Kg8 27. Rfe1
Ne6 28. Ng5 Nxg5 29. Qxg5 Qb6 30. Rd2 Qc7 31. Rd4 Rde8 32. Bd1 Re6 33. Rf1 d5
34. Bb3 Ng4 35. Qf4 Qxf4 36. Rdxf4 Re3 37. Rb4 b6 38. Ra4 a5 39. Rd4 Nxf6 40.
h3 Kg7 41. Rfd1 Re2 42. R1d2 Rxd2 43. Rxd2 Rd8 44. Rd4 Rd7 45. c4 dxc4 46. Rxc4
b5 47. Rc3 a4 48. Bc2 Rd5 49. Rc7 Rd2 50. Rc5 Nd5 51. Be4 Ne3 52. Rxb5 Rd1+ 53.
Kh2 Nf1+ 54. Kg1 Nd2+ 0-1

[Event "Championnat de France des Jeunes - Cadet"]
[Site "AIX LES BAINS"]
[Date "2009.04.20"]
[Round "3.2"]
[White "Forgues, Valerie"]
[Black "Macarry, Elodie"]
[Result "1/2-1/2"]
[WhiteElo "2037"]
[BlackElo "1863"]
[PlyCount "135"]

1. e4 c6 2. d4 d5 3. Nc3 dxe4 4. Nxe4 Nf6 5. Nxf6+ gxf6 6. c3 Bf5 7. Nf3 e6 8.
g3 Bd6 9. Bg2 Qc7 10. Nh4 Bg6 11. O-O Nd7 12. Bh6 Rg8 13. Re1 O-O-O 14. b4 f5
15. Qf3 Nf6 16. Nxg6 Rxg6 17. Bd2 h5 18. Rab1 h4 19. b5 hxg3 20. fxg3 Ne4 21.
Re2 Rdg8 22. bxc6 Qxc6 23. Be1 Qc4 24. Reb2 b6 25. Qe2 Qxe2 26. Rxe2 Nf6 27.
Bd2 Rh8 28. Rf1 Rg7 29. d5 Kd7 30. dxe6+ fxe6 31. Rd1 Ke7 32. Rf1 Kf7 33. Bf3
f4 34. Bg2 fxg3 35. h3 Ke7 36. c4 Rg6 37. Rd1 e5 38. Bf4 Nd7 39. Be3 Rh4 40.
Rc1 Nc5 41. Rcc2 Ne6 42. Rc1 Nf4 43. Bxf4 Rxf4 44. Rcc2 Rg8 45. Re4 Rh8 46.
Rce2 Kf6 47. a4 Rd8 48. Re1 Bb4 49. Rf1 Rxf1+ 50. Bxf1 Rd2 51. Re2 Rxe2 52.
Bxe2 Kf5 53. Kg2 Kf4 54. h4 Be7 55. h5 Bg5 56. a5 Ke3 57. Bf1 Bf4 58. axb6 axb6
59. h6 Bxh6 60. Kxg3 Bf4+ 61. Kg4 Kd4 62. Kf3 Bh6 63. Kf2 e4 64. Ke1 Ke3 65.
Bg2 Bg5 66. Bf1 Kd4 67. Kd1 Ke3 68. Be2 1/2-1/2

[Event "Championnat de France des Jeunes - Cadet"]
[Site "AIX LES BAINS"]
[Date "2009.04.20"]
[Round "3.3"]
[White "Christophe, Lucie"]
[Black "Armas, Lara-Maria"]
[Result "1/2-1/2"]
[WhiteElo "1779"]
[BlackElo "1966"]
[PlyCount "121"]

1. d4 Nf6 2. Bf4 d6 3. Nf3 Nbd7 4. h3 c6 5. c3 Qc7 6. Nbd2 e5 7. Bh2 Be7 8. e3
O-O 9. Bd3 Re8 10. O-O Bf8 11. Qc2 g6 12. Rad1 Nd5 13. Rfe1 Bg7 14. h4 f5 15.
e4 fxe4 16. Bxe4 N5f6 17. dxe5 Nxe5 18. Nxe5 dxe5 19. Bd3 Ng4 20. Bg3 Bd7 21.
Nf3 Kh8 22. Ng5 Re7 23. Bc4 Rf8 24. Qb3 Bf5 25. Be6 Qb6 26. Qxb6 axb6 27. Rd6
h6 28. Bxf5 gxf5 29. Ne6 Rfe8 30. Nxg7 Kxg7 31. Red1 f4 32. Bh2 Nxh2 33. Kxh2
e4 34. h5 Re5 35. Rg6+ Kh7 36. Rd7+ R8e7 37. Rxe7+ Rxe7 38. Rd6 e3 39. fxe3
fxe3 40. Rd1 Kg7 41. Kg3 Kf6 42. Kf3 Kg5 43. Rh1 e2 44. Re1 Kxh5 45. Rxe2 Rxe2
46. Kxe2 Kg4 47. Kf1 Kg3 48. b3 b5 49. Kg1 c5 50. Kf1 c4 51. b4 b6 52. Kg1 Kg4
53. Kf1 Kf5 54. a3 h5 55. g3 Kg4 56. Kg2 Kg5 57. Kf2 Kf6 58. Ke2 Ke6 59. Kd2
Ke5 60. Ke3 Kf5 61. Kf3 1/2-1/2

[Event "Championnat de France des Jeunes - Cadet"]
[Site "AIX LES BAINS"]
[Date "2009.04.20"]
[Round "3.4"]
[White "Vinckier, Delphine"]
[Black "Jeannerot, Lea"]
[Result "0-1"]
[WhiteElo "1817"]
[BlackElo "1980"]
[PlyCount "144"]

1. e4 c6 2. d4 d5 3. e5 Bf5 4. Ne2 e6 5. Ng3 Bg6 6. Nd2 c5 7. c3 Nc6 8. Qb3 a6
9. Nf3 c4 10. Qd1 b5 11. Bd2 h6 12. Be2 Qa5 13. b4 cxb3 14. axb3 Qb6 15. O-O
Rd8 16. Qc1 Nge7 17. c4 dxc4 18. bxc4 Nf5 19. Nxf5 Bxf5 20. Be3 Qb7 21. Qb2 b4
22. d5 Nb8 23. d6 Nc6 24. c5 a5 25. Nd4 Nxd4 26. Bxd4 Ra8 27. Bf3 Be4 28. Bxe4
Qxe4 29. Rfc1 Qc6 30. Qb3 g6 31. Qa4 Kd7 32. Kf1 Bg7 33. Ke2 Rhb8 34. Qxc6+
Kxc6 35. Kd3 a4 36. Kc4 h5 37. Rcb1 b3 38. f4 a3 39. Kc3 b2 40. Ra2 Bh6 41. Be3
Ra4 42. g3 Bg7 43. Kc2 Rbb4 44. Rd1 Rb7 45. Kb1 f6 46. Rd3 fxe5 47. Rdxa3 Rxa3
48. Rxa3 exf4 49. gxf4 Bf6 50. Rd3 e5 51. fxe5 Bxe5 52. Bd4 Bxh2 53. Bxb2 Bg1
54. Kc2 Bxc5 55. Be5 g5 56. Rh3 Rh7 57. Rg3 g4 58. Kd3 Bxd6 59. Bxd6 Kxd6 60.
Ke4 Ke6 61. Kf4 Rf7+ 62. Kg5 Rf5+ 63. Kh4 Ke5 64. Rb3 Ke4 65. Ra3 Rd5 66. Rb3
Rd3 67. Rb4+ Kf3 68. Kxh5 g3 69. Kh4 g2 70. Rb1 Ke2 71. Ra1 Rd1 72. Ra2+ Kf1
0-1

[Event "Championnat de France des Jeunes - Cadet"]
[Site "AIX LES BAINS"]
[Date "2009.04.20"]
[Round "3.5"]
[White "Genzling, Sylvie"]
[Black "Hedouin, Priscillia"]
[Result "1-0"]
[WhiteElo "1967"]
[BlackElo "1640"]
[PlyCount "111"]

1. e4 e6 2. d4 d5 3. Nc3 Bb4 4. Nge2 dxe4 5. a3 Be7 6. Nxe4 Nc6 7. Be3 Nf6 8.
N4c3 O-O 9. Qd2 Nd5 10. Nxd5 Qxd5 11. Nc3 Qd8 12. O-O-O a6 13. d5 exd5 14. Nxd5
Be6 15. Nxe7+ Qxe7 16. Qc3 Rad8 17. Bxa6 Rxd1+ 18. Rxd1 bxa6 19. Qxc6 a5 20. g3
Bg4 21. Rd3 Rb8 22. Qd5 a4 23. Rd4 Be6 24. Qc6 Rd8 25. Qxa4 Rxd4 26. Qxd4 Qe8
27. Qc5 Qd8 28. a4 Bg4 29. b4 Qd1+ 30. Kb2 Qd7 31. b5 Bf3 32. Qa7 Qe7 33. c3 h6
34. b6 Qd6 35. b7 Bxb7 36. Qxb7 Qd1 37. Qxc7 Qxa4 38. Qd8+ Kh7 39. Qd5 Qe8 40.
c4 Qb8+ 41. Kc3 Qc7 42. c5 Qa5+ 43. Kd4 Qa1+ 44. Ke4 Qb1+ 45. Ke5 Qb2+ 46. Bd4
Qb8+ 47. Qd6 Qe8+ 48. Kd5 Qa8+ 49. c6 Qa2+ 50. Ke5 f6+ 51. Kf5 Qc2+ 52. Ke6
Qe4+ 53. Kd7 Qg4+ 54. Kd8 Qg5 55. c7 f5+ 56. Qe7 1-0

[Event "Championnat de France des Jeunes - Cadet"]
[Site "AIX LES BAINS"]
[Date "2009.04.20"]
[Round "3.6"]
[White "Argente, Lucie"]
[Black "Hourlier, Claire"]
[Result "0-1"]
[WhiteElo "1400"]
[BlackElo "1883"]
[PlyCount "42"]

1. d4 Nf6 2. Nf3 e6 3. Bg5 Be7 4. c4 b6 5. Nc3 Bb7 6. e3 O-O 7. Bd3 d6 8. O-O
Nbd7 9. Rc1 c5 10. Re1 d5 11. cxd5 exd5 12. a3 Ne4 13. Bxe7 Qxe7 14. Qc2 Rac8
15. Qb1 f5 16. b4 cxb4 17. axb4 Nxc3 18. Qa1 Ne4 19. Qxa7 Nd6 20. Rxc8 Rxc8 21.
Bb5 Ra8 0-1

[Event "Championnat de France des Jeunes - Cadet"]
[Site "AIX LES BAINS"]
[Date "2009.04.20"]
[Round "3.7"]
[White "Rambourg, Juliette"]
[Black "Bruckert, Emma"]
[Result "1-0"]
[WhiteElo "1866"]
[BlackElo "1380"]
[PlyCount "31"]

1. c4 e5 2. g3 Nc6 3. Bg2 Nf6 4. Nc3 Bc5 5. a3 O-O 6. e3 d6 7. Nge2 Bf5 8. d4
exd4 9. exd4 Bb6 10. b4 a6 11. O-O Re8 12. Bg5 Qe7 13. Ra2 Nd8 14. Nd5 Qe6 15.
Nef4 Qd7 16. Bxf6 1-0

[Event "Championnat de France des Jeunes - Cadet"]
[Site "AIX LES BAINS"]
[Date "2009.04.20"]
[Round "3.8"]
[White "Rascle, Adeline"]
[Black "Richard, Celine"]
[Result "1/2-1/2"]
[WhiteElo "1620"]
[BlackElo "1588"]
[PlyCount "156"]

1. e4 e5 2. Nf3 Nc6 3. Bc4 Nf6 4. Nc3 Nxe4 5. Nxe4 d5 6. Bxd5 Qxd5 7. Nc3 Qd8
8. h3 Bc5 9. d3 O-O 10. O-O Re8 11. Ne4 Bd4 12. Re1 f5 13. Ng3 e4 14. dxe4 fxe4
15. Nxd4 Nxd4 16. Be3 Nc6 17. Qxd8 Nxd8 18. Bf4 Nc6 19. Bxc7 Nd4 20. Rac1 Ne6
21. Ba5 b6 22. Bc3 Bb7 23. Nxe4 Nf4 24. f3 Rad8 25. Ng3 h5 26. Nf5 Ne2+ 27.
Rxe2 Rxe2 28. Nxg7 Rd5 29. g4 hxg4 30. fxg4 Rg5 31. Nf5 Rg2+ 32. Kf1 Rh2 33.
Re1 Rh1+ 34. Kf2 Rxe1 35. Bxe1 Kh7 36. Kg3 Rg8 37. Kh4 Re8 38. Bc3 Kg6 39. Nd6
Re7 40. Nxb7 Rxb7 41. Kg3 Re7 42. Kf3 Rf7+ 43. Kg3 b5 44. h4 Rd7 45. Kf4 b4 46.
Be1 Rd4+ 47. Kf3 a5 48. g5 a4 49. Ke3 Rg4 50. Kd3 Rf4 51. Ke3 Rc4 52. Kd3 Rf4
53. c3 Rf3+ 54. Kc4 Rf4+ 55. Kd3 Rf3+ 56. Kc2 bxc3 57. Bxc3 Rf2+ 58. Kd3 Rh2
59. Bf6 Rxh4 60. Kc3 Rg4 61. b3 a3 62. Be7 Rg2 63. Bxa3 Kxg5 64. Be7+ Kf5 65.
a4 Ke6 66. Bf8 Rg8 67. Bc5 Kd5 68. Bb6 Kc6 69. a5 Kb5 70. b4 Rg3+ 71. Kd4 Rg4+
72. Kd5 Rxb4 73. Kd6 Ka6 74. Kc5 Rb1 75. Bd8 Rd1 76. Bb6 Ra1 77. Bd8 Rxa5+ 78.
Bxa5 Kxa5 1/2-1/2

[Event "Championnat de France des Jeunes - Cadet"]
[Site "AIX LES BAINS"]
[Date "2009.04.20"]
[Round "3.9"]
[White "Durot, Edwige"]
[Black "Jolly, Marie"]
[Result "1/2-1/2"]
[WhiteElo "1764"]
[BlackElo "1738"]
[PlyCount "96"]

1. e4 e6 2. d4 d5 3. Nd2 Nf6 4. e5 Nfd7 5. Bd3 c5 6. c3 Nc6 7. Ne2 Qb6 8. Nf3
cxd4 9. cxd4 Be7 10. O-O O-O 11. Qc2 g6 12. a3 a5 13. Bh6 Re8 14. g4 Bf8 15. g5
Bg7 16. h4 Nf8 17. Qd2 Ne7 18. Ng3 Nf5 19. Bxf5 exf5 20. Bxg7 Kxg7 21. b4 Bd7
22. Rfc1 axb4 23. axb4 Ra4 24. Rxa4 Bxa4 25. Qc3 Ne6 26. Ra1 Bb5 27. Ra5 Nc7
28. Qc5 Qxc5 29. bxc5 Bc6 30. Ne2 h6 31. Nc3 Rh8 32. gxh6+ Rxh6 33. Kg2 Kf8 34.
Ra1 Ke7 35. Rh1 Ne6 36. Rd1 Rh8 37. Ng5 Rxh4 38. Nxe6 fxe6 39. Kg3 g5 40. f3
Kd7 41. Kg2 Kc7 42. Rd2 Be8 43. Ne2 Bb5 44. Nc3 Bc4 45. Na4 g4 46. fxg4 Rxg4+
47. Kf3 Kc6 48. Nb6 Kc7 1/2-1/2

[Event "Championnat de France des Jeunes - Cadet"]
[Site "AIX LES BAINS"]
[Date "2009.04.20"]
[Round "3.10"]
[White "Garma, Jovanka"]
[Black "Dubois, Emmanuelle"]
[Result "1-0"]
[WhiteElo "1747"]
[BlackElo "1757"]
[PlyCount "103"]

1. e4 c5 2. Nf3 Nc6 3. d4 cxd4 4. Nxd4 Nf6 5. f3 Qb6 6. Nb3 e6 7. c4 Be7 8. Be2
O-O 9. Nc3 a6 10. Qd2 Qc7 11. Qf4 Bd6 12. Qh4 Ne5 13. c5 Bxc5 14. Nxc5 Qxc5 15.
Qg5 d6 16. Be3 Qc7 17. O-O b5 18. Rac1 Qe7 19. h4 h6 20. Qg3 Ng6 21. f4 Re8 22.
h5 Nh8 23. Rcd1 b4 24. e5 bxc3 25. exf6 Qxf6 26. Bd4 e5 27. fxe5 Qg5 28. Qxg5
hxg5 29. Bf3 Rb8 30. Bxc3 dxe5 31. Bc6 Re7 32. Rd8+ Kh7 33. Be4+ g6 34. hxg6+
Nxg6 35. Bf5 Bxf5 36. Rxb8 Bd3 37. Rf3 e4 38. Rh3+ Nh4 39. g3 e3 40. gxh4 g4
41. Rg3 f5 42. Rd8 Bb5 43. Rd5 Bd7 44. Re5 Rf7 45. Rgxe3 Kg6 46. Re7 f4 47.
Rxf7 Kxf7 48. Re4 f3 49. Kf2 Kg6 50. Rd4 Bc8 51. Rd5 Kh6 52. b4 1-0

[Event "Championnat de France des Jeunes - Cadet"]
[Site "AIX LES BAINS"]
[Date "2009.04.20"]
[Round "3.11"]
[White "Anamba-Onana, Marie-Therese"]
[Black "Dauchart, Elaine"]
[Result "0-1"]
[WhiteElo "1540"]
[BlackElo "1650"]
[PlyCount "108"]

1. e4 c5 2. Nc3 a6 3. Nf3 d6 4. d4 cxd4 5. Nxd4 Nf6 6. Bc4 b5 7. Bb3 Bb7 8. Qf3
Nbd7 9. Bd2 Nc5 10. Bd5 Nxd5 11. exd5 e6 12. Qe3 Qf6 13. dxe6 Nxe6 14. Nf3 Qg6
15. O-O-O Qxg2 16. Nd4 Qg6 17. Rhg1 Qf6 18. Rde1 Kd7 19. Nb3 d5 20. Qb6 Nd8 21.
Nc5+ Bxc5 22. Qxc5 Rc8 23. Qb4 Rc4 24. Qa5 d4 25. Bg5 Qc6 26. Rd1 Ne6 27. Bh4
Kc8 28. Ne2 Rxc2+ 29. Kb1 Qe4 30. Bg3 Rxe2+ 31. Ka1 Kd7 32. Qb6 Rc8 33. Qd6+
Ke8 34. Rb1 Rcc2 35. f3 Qxf3 36. Bh4 f6 37. Bg3 Be4 38. Qb8+ Kf7 39. Qa7+ Kg6
40. Be5+ Ng5 41. Bxd4 Qa3 42. h4 Bd5 43. Rxg5+ fxg5 44. Qxg7+ Kf5 45. Qxg5+ Ke6
46. Qf6+ Kd7 47. Qg7+ Kc6 48. Qh6+ Be6 49. Qxe6+ Rxe6 50. bxa3 Ree2 51. Rb2
Rxb2 52. Bxb2 Re1+ 53. Bc1 Rxc1+ 54. Kb2 Rh1 0-1

[Event "Championnat de France des Jeunes - Minimes"]
[Site "AIX LES BAINS"]
[Date ""]
[Round "3.1"]
[White "Samoun, Florent"]
[Black "Song, Julien"]
[Result "1/2-1/2"]
[WhiteElo "2045"]
[BlackElo "2318"]
[Annotator ""]

1. c4 e6 2. d4 Nf6 3. Nf3 Bb4+ 4. Bd2 Qe7 5. a3 Bxd2+ 6. Nbxd2 d6 7. e3 a5 8.
Bd3 e5 9. dxe5 dxe5 10. e4 Nbd7 11. Bc2 O-O 12. Nf1 Nc5 13. Qe2 Bg4 14. Ne3
Bxf3 15. Qxf3 Ne6 16. Nd5 Nxd5 17. exd5 Nd4 18. Qd3 f5 19. O-O Qc5 20. b4 axb4
21. axb4 Qxb4 22. Rab1 Qc5 23. Rxb7 e4 24. Qd1 Qxc4 25. Bb3 Nxb3 26. Qxb3 Qxb3
27. Rxb3 Ra5 28. Rc3 Rf7 29. Rd1 Rd7 30. Kf1 Kf7 31. Rc6 Ra7 32. Ke2 Rd6 33.
Ke3 Kf6 34. Rdc1 Rxc6 35. Rxc6+ Ke5 36. Re6+ Kxd5 37. Re7 g5 38. Rd7+ Ke5 39.
Re7+ Kf6 40. Rxh7 Ra3+ 41. Ke2 c5 42. Rc7 Rc3 43. Kd2 Rd3+ 44. Ke2 Rd5 45. f3
Ke5 46. g4 exf3+ 47. Kxf3 fxg4+ 48. Ke3 Kf5 49. Rf7+ Ke6 50. Rg7 Re5+ 51. Kd3
Rf5 52. Ke4 Rf4+ 53. Ke3 Kf5 54. Rf7+ Ke5 55. Re7+ Kd5 56. Rd7+ Ke5 57. Re7+
Kd5 58. Rd7+ Ke6 59. Rg7 Kf6 60. Rc7 Rc4 61. Kd3 Rc1 62. Kd2 Rc4 63. Kd3 Rc1
64. Kd2 Rh1 65. Rxc5 Rxh2+ 66. Ke3 Kg6 67. Rc8 Ra2 68. Rg8+ Kf6 69. Rf8+ Kg7
70. Rf1 Ra3+ 71. Ke2 Kg6 72. Rg1 g3 73. Rb1 Kh5 74. Rb4 g4 75. Rb8 Ra2+ 76. Kf1
g2+ 77. Kg1 Kh4 78. Rb3 Rc2 79. Ra3 Rb2 80. Rc3 Rd2 81. Rb3 Ra2 82. Rc3 Rd2 83.
Ra3 Re2 84. Rb3 Rc2 85. Ra3 g3 86. Ra4+ Kg5 87. Rg4+ Kxg4 1/2-1/2

[Event "Championnat de France des Jeunes - Minim"]
[Site "AIX LES BAINS"]
[Date "2009.04.20"]
[Round "3.2"]
[White "Muheim, Sebastien"]
[Black "Ider, Borya"]
[Result "0-1"]
[WhiteElo "2031"]
[BlackElo "2176"]
[PlyCount "66"]

1. d4 e6 2. c4 Nf6 3. Nc3 Bb4 4. a3 Bxc3+ 5. bxc3 c5 6. f3 Nc6 7. e4 d6 8. Be3
b6 9. Bd3 O-O 10. Ne2 Ba6 11. Ng3 Na5 12. Qe2 Qc7 13. Rc1 Rac8 14. d5 Nd7 15.
f4 exd5 16. exd5 Rce8 17. O-O Bxc4 18. Bxc4 Nxc4 19. Qxc4 Rxe3 20. Nf5 Ree8 21.
Rce1 Nf6 22. Qd3 Qd7 23. h3 g6 24. Ng3 Rxe1 25. Rxe1 Re8 26. Rxe8+ Qxe8 27. Kf2
b5 28. a4 bxa4 29. c4 Qb8 30. Qc3 Nd7 31. Qe3 Qb2+ 32. Kf3 Qb3 33. Ne4 Qxc4 0-1

[Event "Championnat de France des Jeunes - Minim"]
[Site "AIX LES BAINS"]
[Date "2009.04.20"]
[Round "3.3"]
[White "Billon, Olivier"]
[Black "Netzer, Jacques"]
[Result "0-1"]
[WhiteElo "1995"]
[BlackElo "2139"]
[PlyCount "42"]

1. e4 c5 2. Nf3 e6 3. Nc3 Nc6 4. d4 cxd4 5. Nxd4 Qc7 6. f4 a6 7. Be3 b5 8. Bd3
Bb7 9. O-O Bc5 10. Nce2 Nf6 11. Kh1 Nxd4 12. Nxd4 Nxe4 13. Qh5 O-O 14. Bxe4
Bxe4 15. Nxe6 fxe6 16. Qxc5 Qxc5 17. Bxc5 Rfc8 18. b4 d6 19. Bxd6 Rxc2 20. Rfe1
Bxg2+ 21. Kg1 Bd5 0-1

[Event "Championnat de France des Jeunes - Minim"]
[Site "AIX LES BAINS"]
[Date "2009.04.20"]
[Round "3.4"]
[White "Ollier, Milan"]
[Black "Velten, Paul"]
[Result "0-1"]
[WhiteElo "1991"]
[BlackElo "2129"]
[PlyCount "100"]

1. e4 e6 2. d4 d5 3. Nc3 Nc6 4. Nf3 Nf6 5. e5 Ne4 6. Bd3 Bb4 7. Bd2 Nxd2 8.
Qxd2 Bd7 9. O-O a6 10. Qf4 Be7 11. a3 g5 12. Qe3 g4 13. Ne1 Bg5 14. f4 gxf3 15.
Qxf3 Qe7 16. Ne2 O-O-O 17. Qf2 Rhf8 18. Nf3 Bh6 19. c3 f6 20. Qh4 Bg7 21. Nf4
Rf7 22. Rae1 Bh8 23. Nh5 fxe5 24. Qxe7 Rxe7 25. Nxe5 Nxe5 26. dxe5 c5 27. Rf4
Kc7 28. b4 c4 29. Bc2 a5 30. Nf6 axb4 31. axb4 Ra8 32. h3 Bg7 33. Rh4 Ra3 34.
Re3 Ra2 35. Bxh7 Bc6 36. Rg3 Re2 37. Rh5 Kb6 38. Bg6 Kb5 39. Rh7 Rxe5 40. Ng8
Rc7 41. Bh5 d4 42. cxd4 Re1+ 43. Kf2 Bxd4+ 44. Kxe1 Rxh7 45. Bf3 Bxf3 46. Rxf3
Rg7 47. Nf6 Rxg2 48. Ne4 Kxb4 49. h4 c3 50. Kf1 Rh2 0-1

[Event "Championnat de France des Jeunes - Minim"]
[Site "AIX LES BAINS"]
[Date "2009.04.20"]
[Round "3.5"]
[White "Fevre, Mathieu"]
[Black "Domenech, Vianney"]
[Result "1-0"]
[WhiteElo "2065"]
[BlackElo "1987"]
[PlyCount "59"]

1. e4 d5 2. exd5 Qxd5 3. Nc3 Qa5 4. Nf3 Nf6 5. d4 c6 6. Be2 Bf5 7. O-O Nbd7 8.
Bf4 O-O-O 9. a3 Ne4 10. Nxe4 Bxe4 11. Re1 Qf5 12. Bg3 h5 13. Qd2 Bxf3 14. Bxf3
h4 15. Bf4 g5 16. Be3 g4 17. Be2 g3 18. fxg3 hxg3 19. h3 Nf6 20. Rf1 Qg6 21.
Bd3 Qg7 22. Qa5 Nd5 23. Bd2 Qxd4+ 24. Kh1 Bh6 25. Rxf7 Kb8 26. Bxh6 Nf6 27.
Rxe7 Nd5 28. Be3 Nxe7 29. Bxd4 Rxd4 30. Qe5+ 1-0

[Event "Championnat de France des Jeunes - Minim"]
[Site "AIX LES BAINS"]
[Date "2009.04.20"]
[Round "3.6"]
[White "Mouhamad, Joachin"]
[Black "Di Nicolantonio, Lucas"]
[Result "0-1"]
[WhiteElo "1978"]
[BlackElo "2064"]
[PlyCount "84"]

1. e4 c5 2. Nf3 d6 3. d4 cxd4 4. Nxd4 Nf6 5. Nc3 a6 6. g4 e5 7. Nde2 Be7 8. Bg2
Nbd7 9. a4 b6 10. O-O Bb7 11. Nd5 Nxd5 12. exd5 Qc7 13. Ra3 Rc8 14. Rc3 Qb8 15.
Rxc8+ Qxc8 16. Nc3 O-O 17. Be3 f5 18. f4 Bf6 19. Qd2 g6 20. Ne2 Re8 21. Kh1
exf4 22. Bxf4 Qc4 23. Ng1 Bxb2 24. Bxd6 Nf6 25. Qd3 Qxd3 26. cxd3 Bxd5 27. Rb1
Bxg2+ 28. Kxg2 Bd4 29. Nf3 Re2+ 30. Kh3 Nxg4 31. Re1 Rxe1 32. Nxe1 Bc3 33. Nc2
Nf2+ 34. Kg2 Nxd3 35. Kf1 Nb2 36. Ke2 Nxa4 37. Kd3 Kf7 38. Bc7 b5 39. Bd6 Ke6
40. Bf8 Be5 41. Nb4 Bd6 42. Bxd6 Kxd6 0-1

[Event "Championnat de France des Jeunes - Minim"]
[Site "AIX LES BAINS"]
[Date "2009.04.20"]
[Round "3.7"]
[White "Chauvet, Vincent"]
[Black "Nguyen, Vincent"]
[Result "0-1"]
[WhiteElo "1810"]
[BlackElo "2058"]
[PlyCount "114"]

1. e4 e6 2. f4 d5 3. e5 c5 4. Nf3 Nc6 5. c3 Nh6 6. Na3 Bd7 7. Nc2 g6 8. Be2 Bg7
9. d4 cxd4 10. Ncxd4 O-O 11. O-O f6 12. Nxc6 Bxc6 13. Be3 Nf5 14. Bc5 Re8 15.
g4 Ne7 16. Nd4 Nc8 17. Nxc6 bxc6 18. Qd4 fxe5 19. fxe5 Qc7 20. Rf6 Bxf6 21.
exf6 e5 22. Qf2 Qf7 23. Rf1 Rb8 24. b3 Rb7 25. h4 Rd7 26. g5 Nd6 27. Bxd6 Rxd6
28. Qc5 Red8 29. Kh2 Qc7 30. Qf2 Kf7 31. h5 Qb8 32. Kg2 Rh8 33. Qh4 Rdd8 34.
Qf2 Qb6 35. Qg3 Rde8 36. Qg4 Rd8 37. Qg3 c5 38. c4 d4 39. Bf3 Qe6 40. Bg4 Qd6
41. Bf3 e4 42. Bxe4 Qxg3+ 43. Kxg3 gxh5 44. Kf4 h6 45. Rd1 hxg5+ 46. Kxg5 h4
47. Bg6+ Ke6 48. Re1+ Kd6 49. Bf5 Rdg8+ 50. Kf4 Re8 51. Rg1 Ref8 52. Rg7 Rxf6
53. Rxa7 Rxf5+ 54. Kxf5 h3 55. Rg7 h2 56. Rg6+ Kc7 57. Rg7+ Kb8 0-1

[Event "Championnat de France des Jeunes - Minim"]
[Site "AIX LES BAINS"]
[Date "2009.04.20"]
[Round "3.8"]
[White "Sochacki, Christophe"]
[Black "Pilte, Nicolas"]
[Result "1-0"]
[WhiteElo "2250"]
[BlackElo "1974"]
[PlyCount "44"]

1. e4 e5 2. Nf3 Nc6 3. d4 exd4 4. Nxd4 Bc5 5. Be3 Qf6 6. Nb5 Bxe3 7. fxe3 Qd8
8. Qg4 g6 9. Qf4 d6 10. Bc4 Ne5 11. O-O Qe7 12. N1c3 g5 13. Qf2 c6 14. Bxf7+
Kd8 15. Nxd6 Nh6 16. Bb3 Bd7 17. Rad1 Kc7 18. Qg3 Bg4 19. Rd5 Rad8 20. Ndb5+
cxb5 21. Rxe5 Qb4 22. Re7+ Kb6 1-0